Taylor Swift mystery lyrics #84 - Statistics

General Stats
  • This quiz has been taken 64 times
  • The average score is 177 of 245
Answer Stats
Answer % Correct
I
100%
the
100%
you
100%
a
96%
in
96%
In
96%
love
96%
me
96%
an
94%
Your
94%
your
94%
is
92%
it
92%
so
92%
that
92%
and
90%
And
90%
he
90%
my
90%
My
90%
on
90%
we
90%
We
90%
if
88%
I'm
88%
No
88%
see
88%
to
88%
be
85%
it's
85%
was
83%
were
83%
with
83%
all
79%
Like
79%
not
79%
Did
77%
just
77%
some
77%
but
75%
at
73%
by
73%
didn't
73%
her
73%
that's
73%
up
73%
want
73%
'cause
71%
'Cause
71%
out
71%
Paris
69%
yours
69%
has
65%
else
63%
kissed
63%
somewhere
63%
though
63%
door
60%
might
60%
only
60%
sign
60%
ceiling
58%
down
58%
met
58%
sister
58%
someone
58%
stop
58%
taken
58%
view
58%
club
56%
guy
56%
into
56%
keep
56%
mind
56%
outfits
56%
terrible
56%
bedroom
54%
Champagne
54%
dead
54%
Drew
54%
drew
54%
map
54%
midnight
54%
news
54%
photo's
54%
thanks
54%
wine
54%
2003
52%
ages
52%
alleyway
52%
breathing
52%
drinking
52%
ex-friend's
52%
hooked
52%
kind
52%
Let
52%
loving
52%
made
52%
Romance
52%
shade
52%
Turns
52%
unbearable
52%
whole
52%
world
52%
Yes
52%
ago
50%
lights
50%
Privacy
50%
side
50%
sit
50%
thrown
50%
tree
50%
under
50%
wannabe
50%
Z-lister
50%
make-believe
48%
mean
48%
brainwash
46%
culture's
46%
forever
46%
grown
46%
page
46%
transport
46%
Cheap
44%
clever
44%
cursive
44%
letters
44%
tower
44%
truth
44%
Confess
42%
messes
42%
pretend
40%
flashing
38%
alleyways
35%
quiet
35%
Stumble
33%
swooping
31%
sloping
29%
above
25%
Levitate
25%
which
17%
No matching quizzes found
Score Distribution
Percent of People with Each Score
Percentile by Number Answered
Your Score History
You have not taken this quiz